| 000 | 00652nam a2200205 i 4500 | ||
|---|---|---|---|
| 001 | 38965 | ||
| 003 | ES-MaACL | ||
| 005 | 20231207185850.0 | ||
| 007 | t| | ||
| 008 | 030226s1965 sp ||||1| spa d | ||
| 100 | 1 |
_aCalvo Hernando, Manuel. _933886 |
|
| 245 | 1 | 0 |
_aReportaje a Filipinas / _cManuel Calvo Hernando ; prólogo de Gregorio Marañón. |
| 260 |
_aMadrid : _bCultura Hispánica, _c1965. |
||
| 300 |
_a194 p., 4 h. de lám. ; _c19 cm. |
||
| 651 | 4 |
_aFilipinas- _xDescripción. _98657 |
|
| 700 | 1 |
_aMarañón, Gregorio, _d1914-2002 _976314 |
|
| 852 |
_aES-MaACL _jC-27691 |
||
| 852 |
_aES-MaACL _jC-28516 |
||
| 999 |
_c38965 _d38965 |
||